[Event "Lublin Zukertort Memorial 6th"]
[Site "Lublin"]
[Date "2014.06.21"]
[Round "7"]
[White "Polkowski, Piotr"]
[Black "Cyra, Dariusz"]
[Result "1-0"]
[WhiteElo "2192"]
[BlackElo "1814"]
[PlyCount "93"]
[EventDate "2014.06.17"]
[EventType "tourn"]
[EventRounds "7"]
[EventCountry "POL"]
[SourceTitle "CBM 161 Extra"]
[Source "ChessBase"]
[SourceDate "2014.08.29"]
[SourceVersion "1"]
[SourceVersionDate "2014.08.29"]
[SourceQuality "1"]

1. e4 e5 2. Nc3 Nf6 3. Nf3 Nc6 4. Bb5 Bc5 5. 0-0 d6 6. d4 exd4 7. Nxd4 Bd7 8. Nxc6 bxc6 9. Bc4 h6 10. h3 0-0 11. Re1 Be6 12. Bd3 Rb8 13. Na4 Bb6 14. Nxb6 cxb6 15. Bf4 Rb7 16. Qf3 Rd7 17. b3 Re8 18. c4 Nh7 19. Qg3 Kh8 20. Rad1 Qe7 21. Bc2 Red8 22. Rd2 d5 23. cxd5 cxd5 24. exd5 Rxd5 25. Rxd5 Rxd5 26. Be4 Qb4 27. f3 Rd8 28. Rc1 Qd4+ 29. Kh2 Nf6 30. Be5 Qe3 31. Bxf6 gxf6 32. Rc2 Rd1 33. Qf2 Qg5 34. f4 Qa5 35. Re2 f5 36. Bf3 Qb4 37. Rxe6 Qxf4+ 38. g3 Rd2 39. Re2 Rxe2 40. Qxe2 Qd4 41. Kg2 Kg7 42. Qf2 Qe5 43. Qd2 Kg6 44. Bd1 Qe4+ 45. Kh2 Qe5 46. Bc2 Qc5 47. g4 1-0

[Event "Lublin Zukertort Memorial 6th"]
[Site "Lublin"]
[Date "2014.06.18"]
[Round "3"]
[White "Czerw, Dawid"]
[Black "Polkowski, Piotr"]
[Result "1/2-1/2"]
[WhiteElo "1969"]
[BlackElo "2192"]
[PlyCount "111"]
[EventDate "2014.06.17"]
[EventType "tourn"]
[EventRounds "7"]
[EventCountry "POL"]
[SourceTitle "CBM 161 Extra"]
[Source "ChessBase"]
[SourceDate "2014.08.29"]
[SourceVersion "1"]
[SourceVersionDate "2014.08.29"]
[SourceQuality "1"]

1. d4 d6 2. Nf3 Nc6 3. e4 Nf6 4. Nc3 Bg4 5. Bb5 Nd7 6. Be3 e6 7. h3 Bxf3 8. Qxf3 Be7 9. 0-0 0-0 10. Qg3 Bh4 11. Qf3 a6 12. Bxc6 bxc6 13. Qe2 d5 14. exd5 cxd5 15. Na4 Be7 16. c4 Nb6 17. Nxb6 cxb6 18. b3 Qd7 19. Rac1 Rfc8 20. Qd3 dxc4 21. Rxc4 b5 22. Rxc8+ Rxc8 23. Rc1 Rxc1+ 24. Bxc1 Qc6 25. Bd2 Bd6 26. Qc3 Qb7 27. Qa5 Bc7 28. Qc3 Bb6 29. Bc1 Qd7 30. Bb2 f6 31. Qf3 Qd5 32. Qxd5 exd5 33. Kf1 Kf7 34. Ke2 Ke6 35. Ke3 h5 36. Bc3 Kf5 37. Kf3 Ba7 38. Bb2 Kg5 39. Bc3 Kh4 40. Ke3 Bb8 41. Be1 Kg5 42. Kf3 Kf5 43. Bd2 Ba7 44. Bc3 Bb6 45. b4 g6 46. a3 Kg5 47. Bd2+ Kh4 48. Ke3 Bc7 49. Ke2 g5 50. Be1 Bh2 51. Kf3 g4+ 52. hxg4 hxg4+ 53. Ke2 f5 54. f4+ Bg3 55. Bf2 Bxf2 56. Kxf2 1/2-1/2

[Event "Lublin Zukertort Memorial 6th"]
[Site "Lublin"]
[Date "2014.06.18"]
[Round "2"]
[White "Polkowski, Piotr"]
[Black "Pikulinski, Janusz"]
[Result "1-0"]
[WhiteElo "2192"]
[BlackElo "1826"]
[PlyCount "93"]
[EventDate "2014.06.17"]
[EventType "tourn"]
[EventRounds "7"]
[EventCountry "POL"]
[SourceTitle "CBM 161 Extra"]
[Source "ChessBase"]
[SourceDate "2014.08.29"]
[SourceVersion "1"]
[SourceVersionDate "2014.08.29"]
[SourceQuality "1"]

1. e4 e5 2. Nc3 Nc6 3. Bc4 Nf6 4. d3 Bb4 5. Nge2 d5 6. exd5 Nxd5 7. 0-0 Nb6 8. Bb3 0-0 9. a3 Bxc3 10. bxc3 Qe7 11. a4 Rd8 12. f4 Be6 13. a5 Bxb3 14. axb6 Bd5 15. Ba3 Qf6 16. bxc7 Rd7 17. c4 Bxc4 18. Bb2 Qd6 19. Qe1 Qxc7 20. Qc3 Qb6+ 21. Kh1 Nd4 22. Nxd4 exd4 23. Qxc4 Qxb2 24. Rxa7 Rdd8 25. Rxa8 Rxa8 26. h3 h6 27. Re1 Ra1 28. Rxa1 Qxa1+ 29. Kh2 Qb2 30. Kg3 b5 31. Qc5 b4 32. Kf3 Qb1 33. Ke4 Qg1 34. Ke5 Qxg2 35. Kxd4 Qxh3 36. Qxb4 Qd7+ 37. Kc4 Qc6+ 38. Kb3 Qd5+ 39. c4 Qxd3+ 40. Ka4 Qc2+ 41. Ka5 Qa2+ 42. Kb5 Qa8 43. Qd6 Qc8 44. c5 h5 45. c6 g6 46. c7 Kg7 47. Qe5+ 1-0

[Event "Lublin Zukertort Memorial 6th"]
[Site "Lublin"]
[Date "2014.06.17"]
[Round "1"]
[White "Praszak, Michal"]
[Black "Polkowski, Piotr"]
[Result "1-0"]
[WhiteElo "2118"]
[BlackElo "2192"]
[PlyCount "67"]
[EventDate "2014.06.17"]
[EventType "tourn"]
[EventRounds "7"]
[EventCountry "POL"]
[SourceTitle "CBM 161 Extra"]
[Source "ChessBase"]
[SourceDate "2014.08.29"]
[SourceVersion "1"]
[SourceVersionDate "2014.08.29"]
[SourceQuality "1"]

1. d4 d6 2. e4 Nf6 3. Nc3 g6 4. f4 Bg7 5. Nf3 0-0 6. Be2 c6 7. 0-0 Bg4 8. h3 Bxf3 9. Bxf3 e5 10. dxe5 dxe5 11. f5 Qb6+ 12. Kh1 gxf5 13. exf5 Rd8 14. Qe1 Nd5 15. Qg3 Kh8 16. Bxd5 cxd5 17. f6 Bxf6 18. Qf3 Bg7 19. Nxd5 Qc6 20. c4 Qxc4 21. Bh6 Nd7 22. Bxg7+ Kxg7 23. b3 Qc6 24. Qxf7+ Kh8 25. Rac1 Qd6 26. Rc7 Qf8 27. Rxb7 a5 28. Rf5 Qg7 29. Qxg7+ Kxg7 30. Rxe5 Kg6 31. Re7 Nc5 32. Rb6+ Kg5 33. Re5+ Kh4 34. Kh2 1-0

[Event "Lublin Chmielewski Memorial"]
[Site "Lublin"]
[Date "2013.12.30"]
[Round "7"]
[White "Koziej, Maciej"]
[Black "Polkowski, Piotr"]
[Result "1/2-1/2"]
[WhiteElo "2030"]
[BlackElo "2194"]
[PlyCount "35"]
[EventDate "2013.12.27"]
[EventType "swiss"]
[EventRounds "7"]
[EventCountry "POL"]
[SourceTitle "CBM 158 Extra"]
[Source "ChessBase"]
[SourceDate "2014.02.28"]
[SourceVersion "1"]
[SourceVersionDate "2014.02.28"]
[SourceQuality "1"]

1. d4 d6 2. e4 Nc6 3. d5 Ne5 4. f4 Ng6 5. Nf3 e5 6. f5 N6e7 7. Nc3 g6 8. fxg6 hxg6 9. Bb5+ Bd7 10. Qe2 a6 11. Bc4 f6 12. Be3 Bh6 13. 0-0-0 b5 14. Bb3 b4 15. Nb1 Bb5 16. Qd2 a5 17. c4 Bd7 18. a4 1/2-1/2

[Event "POL-chT1"]
[Site "Szklarska Poreba"]
[Date "2013.09.08"]
[Round "2"]
[White "Polkowski, Piotr"]
[Black "Wiewiora, Eneasz"]
[Result "0-1"]
[WhiteElo "2203"]
[BlackElo "2195"]
[PlyCount "136"]
[EventDate "2013.09.07"]
[EventType "team-tourn"]
[EventRounds "9"]
[EventCountry "POL"]
[SourceTitle "EXT 2015"]
[Source "ChessBase"]
[SourceDate "2014.11.20"]
[SourceVersion "1"]
[SourceVersionDate "2014.11.20"]
[SourceQuality "1"]
[WhiteTeam "Lublin Drakon"]
[BlackTeam "Gminy Pawlowice"]
[WhiteTeamCountry "POL"]
[BlackTeamCountry "POL"]

1. e4 d6 2. Nc3 g6 3. Bc4 Bg7 4. d3 c6 5. f4 Nf6 6. Nf3 d5 7. Bb3 dxe4 8. Nxe4 Nxe4 9. dxe4 Qxd1+ 10. Kxd1 Nd7 11. c3 0-0 12. Be3 e5 13. fxe5 Nxe5 14. Rf1 Nxf3 15. gxf3 b6 16. Bc4 Be5 17. Rf2 Bb7 18. Kc2 Kg7 19. Rd1 Rad8 20. Rfd2 Rxd2+ 21. Rxd2 Bc8 22. a4 f6 23. f4 Bc7 24. Be2 Re8 25. Bf3 Re7 26. b3 Kf7 27. h4 c5 28. Kd3 Ba6+ 29. c4 Bb7 30. Rf2 Kg7 31. Rf1 Bd8 32. f5 Bc7 33. Rg1 Be5 34. Bf2 Kf7 35. Bh1 Re8 36. Rf1 Rg8 37. Bf3 Rd8+ 38. Ke2 gxf5 39. Bh5+ Kf8 40. exf5 Be4 41. Rd1 Rxd1 42. Kxd1 Bxf5 43. a5 Ke7 44. Kd2 Bf4+ 45. Kc3 Be5+ 46. Kd2 Be4 47. axb6 axb6 48. Be2 Ke6 49. Bd3 Kf5 50. b4 cxb4 51. Bxb6 b3 52. Bf2 b2 53. Bxe4+ Kxe4 54. Kc2 h5 55. c5 Kd5 56. Kb1 f5 57. Kc2 f4 58. Kb1 Ke4 59. c6 Kd5 60. c7 Bxc7 61. Kxb2 Ke4 62. Kc3 Kf3 63. Bc5 Bd8 64. Bd6 Bxh4 65. Kd2 Bf2 66. Bxf4 Kxf4 67. Ke2 Kg3 68. Kf1 h4 0-1

[Event "Lublin Gerlecka Memorial 3rd"]
[Site "Lublin"]
[Date "2013.08.??"]
[Round "6.1"]
[White "Chwalewski, Marek"]
[Black "Polkowski, Piotr"]
[Result "0-1"]
[WhiteElo "1919"]
[BlackElo "2186"]
[PlyCount "92"]
[EventDate "2013.08.06"]
[EventType "swiss"]
[EventRounds "9"]
[EventCountry "POL"]
[SourceTitle "EXT 2023"]
[Source "ChessBase"]
[SourceDate "2022.10.05"]
[SourceVersion "1"]
[SourceVersionDate "2022.10.05"]
[SourceQuality "1"]

1. Nf3 Nc6 2. c4 e5 3. d3 Bc5 4. Bg5 f6 5. Bd2 d6 6. h3 Nge7 7. Nc3 a5 8. Na4 Ba7 9. e3 0-0 10. a3 Qe8 11. b4 Nd8 12. b5 c6 13. b6 Bb8 14. d4 d5 15. Bc3 e4 16. Nd2 f5 17. Nb3 f4 18. Bd2 Nf5 19. Qe2 fxe3 20. Bxe3 Nxe3 21. Qxe3 Bf4 22. Qe2 dxc4 23. Nbc5 e3 24. f3 Ne6 25. 0-0-0 Kh8 26. Kb1 Nxc5 27. Nxc5 Bf5+ 28. Kb2 Qd8 29. Qxc4 Qxb6+ 30. Ka1 Rfe8 31. Be2 Qc7 32. Rc1 Qe7 33. Qb3 Rab8 34. Rhd1 Red8 35. Qc3 b6 36. Na6 Rbc8 37. Ka2 Bg5 38. Qb2 Qa7 39. d5 Bf6 40. Qb3 b5 41. Nc5 cxd5 42. g4 Rxc5 43. gxf5 Rxc1 44. Rxc1 b4 45. Rc6 Qd4 46. Rxf6 gxf6 0-1